000 00327nam a22001337a 4500
008 170721b xxu||||| |||| 00| 0 eng d
020 _a9780195068061
041 _aeng
080 _a004
100 _a28
101 _aSHKI
245 _aINFORMATION TECHNOLOGY AND THE CORPORATION OF THE 1990S
_cALLEN, TH.J
942 _2udc
_cBK
999 _c21691
_d21691